Miasta Polski z górą lub górami w nazwie - Statystyki

Ogólne statystyki
  • Ten quiz został rozwiązany 54 razy
  • Średni wynik to 4 z 10
Statystyki odpowiedzi
Odpowiedź % Poprawnych
Jelenia Góra
88%
Zielona Góra
88%
Góra
65%
Tarnowskie Góry
62%
Góra Kalwaria
52%
Kamienna Góra
46%
Górowo Iławeckie
12%
Miejska Górka
10%
Twardogóra
10%
Zagórów
6%
Nie znaleziono quizów pasujących do podanych kryteriów
Rozkład punktacji
Procent ludzi z każdym wynikiem
Percentyl według liczby udzielonych odpowiedzi
Twoja historia wyników
Nie rozwiązałeś tego quizu